000 00603cam a2200241 4500
005 20260322212003.0
008 data
010 _a 74101697
020 _a0816502080
020 _a9780816502080
040 _aDLC
_cDLC
_dDLC
050 0 0 _aQH88
_b.W28
082 0 0 _a574.909/5/4
092 _a574.909 W28 1969
100 1 _aWaggin, Chuck.
245 1 2 _aA light-hearted look at the desert.
_cChuck Waggin.
260 _a[Tucson]
_bUniversity of Arizona Press
_c[1969]
300 _a94 p.
_billus.
_c19 x 27 cm.
350 _a1.95
650 0 _aDesert animals.
650 0 _aDesert plants.
001 data
999 _c21
_d21